000 00639 a2200193 4500
003 Nust
005 20230510102834.0
010 _a 78313857
020 _a0855011572 :
040 _cNust
082 0 0 _a001.642,TUR
100 1 _aTurski, W?adys?aw.
_9112240
245 1 0 _aComputer programming methodology /
_cW. M. Turski.
260 _aLondon ;
_aPhiladelphia :
_bHeyden,
_c1978.
300 _aix, 208 p. :
_b1 ill. ;
_c24 cm.
505 _aIntroduction (Page-1), Basic Programming Constructs (Page-5), Co-Operation of Modules (Page-67), Design of Computer Programs (Page-130).
650 0 _aComputer programming.
942 _2ddc
_cBKB
999 _c176569
_d176569